| 000 | 01260cam a2200373 a 4500 | ||
|---|---|---|---|
| 001 | 15945628 | ||
| 003 | Nust- CAS-E | ||
| 005 | 20180118181358.0 | ||
| 008 | 091015s2009 si af b 001 0 eng | ||
| 010 | _a 2009040144 | ||
| 015 |
_aGBA986579 _2bnb |
||
| 016 | 7 |
_a015361528 _2Uk |
|
| 020 | _a9780470823972 | ||
| 020 | _a0470823976 | ||
| 035 | _a(OCoLC)ocn368006052 | ||
| 040 |
_aDLC _cDLC _dBTCTA _dYDXCP _dC#P _dUKM _dBWX _dDLC |
||
| 050 | 0 | 0 |
_aTJ810 _b.O52 2009 |
| 082 | 0 | 0 |
_a621.47 _222 _bSOL 2009 |
| 245 | 0 | 0 |
_aOn solar hydrogen & nanotechnology / _ceditor, Lionel Vayssieres. |
| 246 | 3 | _aOn solar hydrogen and nanotechnology | |
| 260 |
_aSingapore ; _aHoboken, NJ : _bJohn Wiley & Sons (Asia), _cc2009. |
||
| 300 |
_axxi, 680 p., [16] p. of plates : _bill. (some col.) ; _c26 cm. |
||
| 504 | _aIncludes bibliographical references and index. | ||
| 650 | 0 | _aSolar energy. | |
| 650 | 0 | _aNanotechnology. | |
| 650 | 0 | _aFuel cells. | |
| 650 | 0 | _aHydrogen as fuel. | |
| 650 | 0 |
_aWater _xElectrolysis. |
|
| 650 | 0 | _aPhotocatalysis. | |
| 700 | 1 |
_aVayssieres, Lionel, _d1968- |
|
| 906 |
_a7 _bcbc _corignew _d1 _eecip _f20 _gy-gencatlg |
||
| 942 |
_2ddc _cBK |
||
| 999 |
_c355334 _d355334 |
||